Musicas do grupo Rouge - Statistics

Estatísticas Gerais
  • Esse quiz foi jogado 45 vezes
    43 desde o último reset
  • A pontuação média é 24 de 57
Estatísticas das Respostas
Hint Resposta % Correto
Popstar Ragatanga
93%
Popstar Popstar
80%
Blá Blá Blá Blá Blá Blá
70%
C'est La Vie C'est La Vie
70%
C'est La Vie Um anjo veio me falar
70%
Popstar Beijo Molhado
67%
Popstar Não dá pra resistir
67%
C'est La Vie Brilha La Luna
63%
C'est La Vie Fantasma
53%
Popstar Nunca deixe de sonhar
53%
Les 5inq Dona Da Minha Vida
50%
Popstar Hoje Eu Sei
50%
Single Bailando
47%
Popstar Sou o que sou
47%
Popstar Te deixo tocar
47%
Mil e Uma Noites Cidade Triste
43%
Popstar Depois que tudo mudou
43%
C'est La Vie Me Faz Feliz
43%
Popstar Olha só
43%
Les 5inq Solo Tu
43%
Mil e Uma Noites Vem Habib (Wala Wala)
43%
Popstar 1000 Segredos
40%
Les 5inq Não é não
40%
Blá Blá Blá Pá Pá Lá Lá
40%
Blá Blá Blá Sem Você
40%
Les 5inq Te Ligo Depois
40%
Les 5inq Beijo Na Boca
37%
Popstar Deve ser amor
37%
C'est La Vie Eu Quero Fugir
37%
Blá Blá Blá Filme de Terror
37%
Les 5inq Good Vibes
37%
Mil e Uma Noites Me Leva Contigo
37%
Mil e Uma Noites O Amor é Ilusão
37%
C'est La Vie Quando Chega A Noite
37%
C'est La Vie Vamos mudar o mundo
37%
C'est La Vie Vem cair na zueira
37%
Blá Blá Blá Vermelho, a cor do amor
37%
Les 5inq Como se fosse a primeira vez
33%
C'est La Vie Diz Aí Felicidade
33%
Mil e Uma Noites Mais Uma Da Lista
33%
Blá Blá Blá Na Palma da Mão
33%
Popstar O que o amor me faz
33%
Les 5inq Sou Mais Eu
33%
Blá Blá Blá Vem Dançar
33%
Blá Blá Blá Como Na Primeira Vez
30%
C'est La Vie Delírio
30%
Blá Blá Blá Eu Quero Acreditar
30%
Les 5inq Juntinho
30%
Popstar Quero estar com você
30%
Les 5inq Sem temer
30%
C'est La Vie Dentro de mim
27%
Mil e Uma Noites Onde está o amor?
27%
Blá Bla Blá Por Onde Quer Que Eu Vá
27%
Blá blá blá Se Liga, Se Toca
27%
C'est La Vie Um dia sem você
23%
C'est La Vie Abra o seu coração
20%
Blá Blá Blá Pra Sempre Te Amar
20%
Nenhum quiz correspondente encontrado
Distribuição das Pontuações
Porcentagem de Pessoas com Cada Pontuação
Percentil de Números Respondidos
Sua Pontuação Histórica
Você não jogou esse quiz desde o último reset